| 000 | 00947nam a22002537a 4500 | ||
|---|---|---|---|
| 005 | 20140305115446.0 | ||
| 008 | 140305s2010 ck abdogr|||| 00| 0 spa d | ||
| 020 | _a9789588448091 | ||
| 041 | _aspa | ||
| 044 | _ack | ||
| 082 |
_a354 _bG56c |
||
| 100 | 1 |
_aGómez-León, Javier _915760 |
|
| 245 | 1 | 0 |
_aCultivo de Pectínidos en el Caribe Colombiano _cJavier Gómez-León, Ernesto Acosta Ortiz, Claudia Castellanos Romero, Marisol Santos-Acevedo |
| 260 | 3 |
_aSanta Marta _bINVEMAR _c2010 |
|
| 300 |
_a159 p. _bil., fot., mapas, tablas, gráficas _c28 cm |
||
| 490 | 0 | _aSerie de documentos generales de Invamar | |
| 504 | _aIncluye bibliografía al final de cada capitulo | ||
| 650 | 4 |
_aPectínido _xCultivo _zColombia _915761 |
|
| 650 | 4 |
_aPectínido _xReproducción _zColombia _915762 |
|
| 700 | 1 |
_aAcosta Ortiz, Ernesto _915763 |
|
| 700 | 1 |
_aCastellanos Romero, Claudia _915764 |
|
| 700 | 1 |
_aSantos-Acevedo, Marisol _915765 |
|
| 942 |
_2ddc _cImpreso |
||
| 999 |
_c8231 _d8231 |
||